| 000 | 00995nam0a22002291 4500 | ||
|---|---|---|---|
| 001 | rc\4736694 | ||
| 005 | 20260407202225.0 | ||
| 035 | _a(NLR Aleph) 008450334 | ||
| 090 |
_a7806007 _c7806007 |
||
| 100 | _a20130416a19589999|||y0rusy50 ca | ||
| 101 | 0 | _arus | |
| 102 | _aRU | ||
| 105 | _ay z ||||| | ||
| 200 | 1 |
_aИнформационный бюллетень _e№ 3- _fГл. упр. судоремонтных заводов ВМФ |
|
| 210 |
_aМосква _cВоен. изд-во М-ва обороны СССР _d1958- |
||
| 710 | 0 | 1 |
_aСССР _bГлавное управление судоремонтных заводов ВМФ _3RU\NLR\AUTH\8810133541 _9763266 |
| 801 | 0 |
_aRU _bNLR _gpsbo |
|
| 801 | 1 |
_aRU _bELAR _2rusmarc |
|
| 830 | _aПеречень имеющихся в библиотеке томов, номеров, годов этого издания смотри в каталоге периодических изданий | ||
| 852 |
_aNLR _jП11/1621 |
||
| 942 | _cBOOK | ||
| 980 | _aNB | ||